书目信息 |
| 题名: |
中华小字典
|
|
| 作者: | ;中华书局 影印 | |
| 分册: | ||
| 出版信息: | 北京 中华书局 1985 |
|
| 页数: | 1028页 | |
| 开本: | 19cm | |
| 丛书名: | ||
| 单 册: | ||
| 中图分类: | H163 | |
| 科图分类: | ||
| 主题词: | 汉语--字典 | |
| 电子资源: | ||
| ISBN: | ||
| 000 | 00644nam0 2200241 45 | |
| 001 | 0185012978 | |
| 005 | 20070720184208.28 | |
| 010 | @dCNY7.85@b精装 | |
| 091 | @a17018.143 | |
| 100 | @a19951030d1985 em y0chiy0121 ea | |
| 101 | 0 | @achi |
| 102 | @aCN@b110000 | |
| 105 | @ay z 000yy | |
| 200 | 10 | @a中华小字典@Azhong hua xiao zi dian@f中华书局影印@FZhong Hua Shu Ju Ying Yin |
| 205 | @a影印本 | |
| 210 | @a北京@c中华书局@d1985 | |
| 215 | @a1028页@d19cm | |
| 606 | @a汉语@x字典 | |
| 690 | @aH163@v3 | |
| 711 | 02 | @a中华书局@4影印 |
| 801 | 2 | @aCN@bNLC@c20070720 |
| 801 | 0 | @aCN@b深圳图书馆@c20050413 |
| 905 | @dH163@e102@b249788-790@f3 | |
| 中华小字典/中华书局影印.-影印本.-北京:中华书局,1985 |
| 1028页;19cm |
| ISBN (精装):CNY7.85 |
| ● |
| 相关链接 |
|
|
|
|
正题名:中华小字典
索取号:H163/102
 
预约/预借
| 序号 | 登录号 | 条形码 | 馆藏地/架位号 | 状态 | 备注 |
| 1 | 0249788 | 002036718 | 密集书库/ [索取号:H163/102] | 在馆 | |
| 2 | 0249789 | 001560082 | 密集书库/ [索取号:H163/102] | 在馆 | |
| 3 | 0249790 | 001560965 | 密集书库/ [索取号:H163/102] | 在馆 | |
| 4 | 0251834 | 001560938 | 第二样本阅览室/ [索取号:H163/102] | 在馆 | |
| 5 | 0251835 | 001560894 | 密集书库/ [索取号:H163/102] | 在馆 | |
| 6 | 0769093 | 207690934 | 密集书库/ [索取号:H163/102] | 在馆 |